| 000 | 00626nam a2200217 a 4500 | ||
|---|---|---|---|
| 001 | 49791 | ||
| 003 | BD-RjUL | ||
| 005 | 20211209054729.0 | ||
| 008 | 160822s1976 ii || || |||| 001 0 eng d | ||
| 035 | _a(BD-RjUL)49911 | ||
| 040 |
_aBD-RjUL _beng _cBD-RjUL _dBD-RjUL |
||
| 041 | _aeng | ||
| 082 |
_223 _a363.960954 _bMUF 1976 |
||
| 100 | 1 | 0 |
_aMukherjee, Ramkrishna _9149250 |
| 245 | 1 | 0 |
_aFamily and planning in India / _cRamkrishna Mukherjee |
| 260 |
_aBombay : _bOrient longman limited, _cc1976 |
||
| 300 |
_axiv, 88 p. ; _c21 cm. |
||
| 500 | _aIncludes index. | ||
| 650 |
_aBirth control _zIndia _9148839 |
||
| 942 |
_2ddc _cBK |
||
| 999 |
_c49791 _d49791 |
||